| 000 | 00477nam a2200181Ia 4500 | ||
|---|---|---|---|
| 008 | 240925s9999 xx 000 0 und d | ||
| 020 | _a195773896 | ||
| 082 | _a954.942 WOL | ||
| 100 | _aWolpert, Stanley | ||
| 245 | 0 | _aJinnah of Pakistan | |
| 250 | _aNA | ||
| 260 |
_aKarachi: _bOxford University Press _c,1993. |
||
| 300 |
_ai,385p. _bNA _fOriginal |
||
| 500 | _aIncludes Index | ||
| 600 | _aHumanities & Natural Science | ||
| 650 | _aHistory and Geography | ||
| 942 | _cBK | ||
| 999 |
_c2781 _d2781 |
||